LIBRARY & INFORMATION CENTRE, KCAET, TAVANUR

ONLINE PUBLIC ACCESS CATALOGUE (OPAC)

Text book of engineering metrology / (Record no. 3217)

MARC details
000 -LEADER
fixed length control field 00459cam a2200181ua 4500
041 ## - LANGUAGE CODE
Language code of text/sound track or separate title eng
082 ## - DEWEY DECIMAL CLASSIFICATION NUMBER
Classification number 551.5
Item number GUP/JE
100 ## - MAIN ENTRY--AUTHOR NAME
Personal name Gupta, I C .
245 ## - TITLE STATEMENT
Title Text book of engineering metrology /
250 ## - EDITION STATEMENT
Edition statement 3 /
260 ## - PUBLICATION, DISTRIBUTION, ETC. (IMPRINT)
Place of publication New Delhi :
Name of publisher Dhanpat Rai Publishing Co. Pvt. Ltd. ,
Year of publication 1992.
300 ## - PHYSICAL DESCRIPTION
Number of Pages 771 ; .
942 ## - ADDED ENTRY ELEMENTS (KOHA)
Koha item type Books
Holdings
Withdrawn status Lost status Damaged status Home library Current library Date acquired Full call number Accession Number Koha item type
      KAUAET KAUAET 07/04/2012 551.5 GUP/TE 18540 Books
free website counter